Foundations of education.
Αποθηκεύτηκε σε:
| Κύριος συγγραφέας: | |
|---|---|
| Άλλοι συγγραφείς: | |
| Μορφή: | Βιβλίο |
| Γλώσσα: | English |
| Δημοσίευση: |
Boston :
Houghton mifflin company,
c1997
|
| Έκδοση: | 6th ed. |
| Θέματα: | |
| Ετικέτες: |
Προσθήκη ετικέτας
Δεν υπάρχουν, Καταχωρήστε ετικέτα πρώτοι!
|
MARC
| LEADER | 00000nam a2200000 i 4500 | ||
|---|---|---|---|
| 001 | 1/17108 | ||
| 008 | 980828s1997 eng d | ||
| 020 | |a 0-395-77104-8 | ||
| 035 | |l 10020437 | ||
| 040 | |a GR-MY-UA |b gre |e aacr | ||
| 041 | 0 | |a eng | |
| 082 | 0 | |a 370.9 | |
| 100 | 1 | |a Ornstein, Allan C. | |
| 245 | 1 | 0 | |a Foundations of education. / |c Allan C. Ornstein and Daniel U. Levine |
| 250 | |a 6th ed. | ||
| 260 | |a Boston : |b Houghton mifflin company, |c c1997 | ||
| 300 | |a xvii, 548, [23] σ., [8] φύλλα πινάκων; |b εικ. (μερ. έγχρ.); |c 26 εκ. | ||
| 504 | |a Περιέχει βιβλιογραφικές παραπομπές και ευρετήριο | ||
| 650 | 0 | 0 | |a Education |x Study and teaching |z United States. |
| 650 | 0 | 0 | |a Education |x History. |
| 650 | 0 | 0 | |a Education |z United States |x History. |
| 650 | 0 | 0 | |a Teaching |x Handbooks, manuals, etc. |
| 700 | 1 | |a Levine, Daniel U. |d 1935- | |
| 852 | |a INST |b LESVOS |e 19980828 |h 370.9 ORN |p 005100017912 |q 005100017912 |t BK |y 0 | ||
| 901 | |a BIBL-1998-3 | ||
| 909 | |a Λ |b 058996 | ||
| 922 | |a 1ΕΛΗ |b 199808 |c ΚΠΣ/ΤΠ |d ΠΑΠΑΣΩΤΗΡΙΟΥ | ||
| 950 | |a 107-1998-05-21 | ||